UCM

Investigacao por questionario (Record no. 36201)

MARC details
000 -LEADER
fixed length control field 00481nam a22001577a 4500
008 - FIXED-LENGTH DATA ELEMENTS--GENERAL INFORMATION
fixed length control field 160504b xxu||||| |||| 00| 0 eng d
020 ## - INTERNATIONAL STANDARD BOOK NUMBER
International Standard Book Number 9789726182733
100 ## - MAIN ENTRY--PERSONAL NAME
Personal name HILL, Manuela Magalhaes
245 ## - TITLE STATEMENT
Title Investigacao por questionario
Statement of responsibility, etc Manuela Magalhaes Hill, Andrew Hill
250 ## - EDITION STATEMENT
Edition statement 2a ed. 5a imp. rev. e cor.
260 ## - PUBLICATION, DISTRIBUTION, ETC. (IMPRINT)
Place of publication, distribution, etc Lisboa
Name of publisher, distributor, etc Edicoes Silabo
Date of publication, distribution, etc 2012
300 ## - PHYSICAL DESCRIPTION
Extent 377p
650 ## - SUBJECT ADDED ENTRY--TOPICAL TERM
Topical term or geographic name as entry element Metodologia de investigacao
General subdivision Questionario
700 ## - ADDED ENTRY--PERSONAL NAME
Personal name HILL, Andrew
942 ## - ADDED ENTRY ELEMENTS (KOHA)
Source of classification or shelving scheme Universal Decimal Classification
Item type Books
Holdings
Withdrawn status Lost status Source of classification or shelving scheme Damaged status Not for loan Collection code Home library Current library Shelving location Date acquired Source of acquisition Cost, normal purchase price Inventory number Total Checkouts Full call number Barcode Date last seen Date last borrowed Price effective from Koha item type Total Renewals
    Universal Decimal Classification     Reference Nampula - Educação e Comunicação Nampula - Educação e Comunicação General Stacks 13/02/2013 KAPICUA 730.00 3163 1 001.8:303.622 201226 21/02/2020 25/04/2019 13/02/2013 Books  
    Universal Decimal Classification     Reference Nampula - Educação e Comunicação Nampula - Educação e Comunicação General Stacks 13/02/2013 KAPICUA 730.00 3163 5 001.8:303.622 201227 02/12/2021 28/09/2021 13/02/2013 Books  
    Universal Decimal Classification     Reference Nampula - Educação e Comunicação Nampula - Educação e Comunicação General Stacks 18/09/2015 SLM - Servicos Livreiros de Mocambique 2900.00 3163 2 001.8:303.622 22082046 21/02/2020 23/06/2017 18/09/2015 Books 1
    Universal Decimal Classification     Reference Nampula - Educação e Comunicação Nampula - Educação e Comunicação General Stacks 18/09/2015 SLM - Servicos Livreiros de Mocambique 2900.00 3163 4 001.8:303.622 22082047 29/11/2022 18/04/2022 18/09/2015 Books  
    Universal Decimal Classification     Reference Nampula - Educação e Comunicação Nampula - Educação e Comunicação General Stacks 04/05/2016 SLM 2900.00 3163 1 001.8:303.622 22089895 12/04/2021 02/07/2020 04/05/2016 Books  
    Universal Decimal Classification     Reference Nampula - Educação e Comunicação Nampula - Educação e Comunicação General Stacks 04/05/2016 SLM 2900.00 3163 3 001.8:303.622 22089896 21/07/2023 13/03/2023 04/05/2016 Books  
    Universal Decimal Classification     Reference Nampula - Educação e Comunicação Nampula - Educação e Comunicação General Stacks 04/05/2016 SLM 2900.00 3163 3 001.8:303.622 22089897 05/11/2020 24/03/2020 04/05/2016 Books  

Universidade Católica de Moçambique - Rua Marquês de Soveral, 960, Palmeiras II, Beira, Moçambique

Tel (Central): (+258) 23 313 077 - Fax: (+258) 23 311 520 - Email: reitoria@ucm.ac.mz - Web: www.ucm.ac.mz